000 00444nam a2200181Ia 4500
001 9585
005 20260306161729.0
008 260306t2014||||xx |||||||||||||| ||spa||
041 _aESP
082 _a382.1
_bW56
100 _aWild, John J.
_eAUT
245 0 _aInternational business:
_bthe challenges of globalization
260 _c2014
300 _a448 páginas :
_c27 cm.
650 _aGEN
654 _aCAN
942 _cLIB
_dJUS
_fJUS
_2ddc
_n
999 _c9585
_d9585